| 000 | 00949cam a22002411 4500 | ||
|---|---|---|---|
| 001 | pa 65000125 | ||
| 003 | DLC | ||
| 005 | 20260227111856.0 | ||
| 008 | 770112s1964 dcu 100 0 eng c | ||
| 010 | _apa 65000125 | ||
| 035 | _a(OCoLC)2673384 | ||
| 040 |
_aPan American Union Library _cTxEU _dDLC |
||
| 042 | _apremarc | ||
| 050 | 0 | 0 |
_aF1405.5 1959 _b.O7 OEA/ser.C/VI.5.3 |
| 111 | 1 |
_aInter-American Meeting of Ministers of Education. _n3d, _cBogotá, _d1963. |
|
| 245 | 0 | 0 | _aFinal act [and appendices] |
| 260 |
_aWashington, _bPan American Union, _c1964. |
||
| 300 |
_a4 v. _c28 cm. |
||
| 490 | 1 | _aOEA/ser.C/V.I5.3 (English) | |
| 500 | _aAppendices: 1. Draft resolutions approved by the working Committee. 2. Education in America. 3. Development of education in Latin America; prospects for the future. | ||
| 650 | 0 |
_aEducation _zLatin America _vCongresses. |
|
| 810 | 2 |
_aOrganization of American States. _tOfficial records. _vOEA/ser.C/VI.5.3 |
|
| 999 |
_c51571 _d51571 |
||